|
|
|
|
| LEADER |
01498nam a2200433Ia 4500 |
| 001 |
EBC862634 |
| 003 |
MiAaPQ |
| 005 |
20200520144314.0 |
| 006 |
m o d | |
| 007 |
cr cn||||||||| |
| 008 |
110726s2011 mduab sb 001 0 eng d |
| 010 |
|
|
|z 2011030966
|
| 020 |
|
|
|z 0739136976
|
| 020 |
|
|
|z 0739136984
|
| 020 |
|
|
|z 0739136992
|
| 020 |
|
|
|z 9780739136973
|
| 020 |
|
|
|z 9780739136980
|
| 020 |
|
|
|z 9780739136997
|
| 035 |
|
|
|a (MiAaPQ)EBC862634
|
| 035 |
|
|
|a (Au-PeEL)EBL862634
|
| 035 |
|
|
|a (CaPaEBR)ebr10570619
|
| 035 |
|
|
|a (CaONFJC)MIL363619
|
| 035 |
|
|
|a (OCoLC)778339879
|
| 040 |
|
|
|a MiAaPQ
|c MiAaPQ
|d MiAaPQ
|
| 050 |
|
4 |
|a HB501
|b .G5495 2011
|
| 245 |
0 |
4 |
|a The global industrial complex
|h [electronic resource] :
|b systems of domination /
|c Steven Best ... [et al.].
|
| 260 |
|
|
|a Lanham, Md. :
|b Lexington Books,
|c c2011.
|
| 300 |
|
|
|a xxv, 315 p. :
|b ill., map.
|
| 504 |
|
|
|a Includes bibliographical references and index.
|
| 533 |
|
|
|a Electronic reproduction. Ann Arbor, MI : ProQuest, 2015. Available via World Wide Web. Access may be limited to ProQuest affiliated libraries.
|
| 650 |
|
0 |
|a Big business.
|
| 650 |
|
0 |
|a Capitalism
|x Political aspects.
|
| 650 |
|
0 |
|a Capitalism
|x Social aspects.
|
| 650 |
|
0 |
|a Power (Social sciences)
|
| 650 |
|
0 |
|a Social institutions.
|
| 655 |
|
4 |
|a Electronic books.
|
| 700 |
1 |
|
|a Best, Steven.
|
| 710 |
2 |
|
|a ProQuest (Firm)
|
| 856 |
4 |
0 |
|u https://ebookcentral.proquest.com/lib/matrademy/detail.action?docID=862634
|z Click to View
|